• 首页
  • 本馆介绍
  • 公告通知
  • 最新文献
  • 馆藏检索
  • 电子资源
  • 读者导购
  • 参考咨询
  • 我的图书馆
  • 登录
  • 详细信息显示
  • 放入我的书架
  • 预约/预借图书
  • 作者相关作品
  • 分类相关作品
  • 丛书相关作品
  • 出版社相关作品

书目信息

  • 表格格式
  • 工作单格式
  • 卡片格式
题名:
管理海量数据
    
 
作者: 威顿 , 莫夫特 , 贝尔 著 ;梁斌 , 杨青 译
分册:  
出版信息: 北京   电子工业出版社  2014.1
页数: 538页
开本: 24cm
丛书名:
单 册:
中图分类: TP311.13
科图分类:
主题词: 数据管理
电子资源:
ISBN: 978-7-121-21933-7
000 01767nam0 2200313 450
001 3083
005 20161208083814.70
005 20140411182303
010    @a978-7-121-21933-7@dCNY108.00
100    @a20140126d2014 em y0chiy0110 ea
101 1  @achi@ceng
102    @aCN@b110000
105    @aak z 000yy
200 1  @a管理海量数据@9guan li hai liang shu ju@d = Managing cigabytes@e经典再现全新修订版@e压缩、索引和查询(第2版)@ecompressing and indexing documents and lmages, second edition@zeng@f(新)Ian H. Witten,(澳)Alistair Moffat,(新)Timothy C. Bell著@g梁斌,杨青译
210    @a北京@c电子工业出版社@d2014.1
215    @a538页@c图表@d24cm
306    @a本书简体中文版由Elsevier(Singapore) Pte Ltd. 授权电子工业出版社在中国大陆地区(不包括香港、澳门特别行政区以及台湾地区)出版与发行。
330    @a本书是斯坦福大学信息检索和挖掘课程的首选教材之一,并已成为全球主要大学信息检索的主要教材。本书理论和实践并重,深入浅出地给出了海量信息数据处理的整套解决方案,包括压缩、索引和查询的方方面面。其最大的特色在于不仅仅满足信息检索理论学习的需要,更重要的是给出了实践中可能面对的各种问题及其解决方法。
333    @a本书作为斯坦福大学信息检索课程的教材之一,具有一定的阅读难度,主要面向信息检索专业高年级本科生和研究生、搜索引擎业界的专业技术人员和从事海量数据处理相关专业的技术人员。
510 1  @aManaging cigabytes@ecompressing and indexing documents and lmages, second edition@zeng
606 0  @a数据管理
690    @aTP311.13@v4
701  0 @a威顿@9wei dun@c(新)@c(Witten, I. H.)@4著
701  0 @a莫夫特@9mo fu te@c(澳)@c(Moffat, A.)@4著
701  0 @a贝尔@9bei er@c(新)@c(Bell, T. C.)@4著
702  0 @a梁斌@9liang bin@4译
702  0 @a杨青@9yang qing@4译
801  0 @aCN@b大连网信软件有限公司图书馆·11@c20161208
905    @aZUCC@dTP311.13@e1032
    
    管理海量数据= = Managing cigabytes:经典再现全新修订版:压缩、索引和查询(第2版):compressing and indexing documents and lmages, second edition/(新)Ian H. Witten,(澳)Alistair Moffat,(新)Timothy C. Bell著/梁斌,杨青译.-北京:电子工业出版社,2014.1
    538页:图表;24cm
    使用对象:本书作为斯坦福大学信息检索课程的教材之一,具有一定的阅读难度,主要面向信息检索专业高年级本科生和研究生、搜索引擎业界的专业技术人员和从事海量数据处理相关专业的技术人员。
    
    ISBN 978-7-121-21933-7:CNY108.00
    本书是斯坦福大学信息检索和挖掘课程的首选教材之一,并已成为全球主要大学信息检索的主要教材。本书理论和实践并重,深入浅出地给出了海量信息数据处理的整套解决方案,包括压缩、索引和查询的方方面面。其最大的特色在于不仅仅满足信息检索理论学习的需要,更重要的是给出了实践中可能面对的各种问题及其解决方法。
●
相关链接 在E读中查询图书 在五车中查询图书 在当当中查询图书 在豆瓣中查询图书


正题名:管理海量数据     索取号:TP311.13/1032         预约/预借

序号 登录号 条形码 馆藏地/架位号 状态 备注
1 912966   209129664   第二样本阅览室/ [索取号:TP311.13/1032] 在馆    
2 912967   209129673   第三借阅区/ [索取号:TP311.13/1032] 在馆    
3 912968   209129682   密集书库—计算机科学学院/ [索取号:TP311.13/1032] 在馆    
4 912969   209129691   第三借阅区/ [索取号:TP311.13/1032] 在馆    
唐山师范学院图书馆 欢迎您!
大连网信软件有限公司© 版权所有